| 000 | 00749cam a22002537a 4500 | ||
|---|---|---|---|
| 003 | CHAP | ||
| 005 | 20220329141735.0 | ||
| 008 | 971013s1935 r 00010 d | ||
| 010 | _a73149 | ||
| 011 | _a74121 | ||
| 035 | _a83679 | ||
| 040 | _cCHAP | ||
| 082 |
_a631.8 _bB3 |
||
| 100 | 0 | 0 |
_aBarker, Austen Staunsfiel. _910197 |
| 245 | 1 | 4 | _aThe use of fertilizers; a guide to thr manuring of crops inGreat Britain |
| 260 |
_aLondon, Oxford University, _c1935 |
||
| 300 | _a204 p. | ||
| 590 |
_aBATCH-UPD _b10 _c20130110 _lUCH01 _h1212 |
||
| 590 |
_aCONVERSION _b10 _c20130109 _lUCH01 _h1340 |
||
| 650 | 1 | 4 |
_aFertilizantes y abonos. _940646 |
| 901 | _aBK | ||
| 942 | _cLIBRO | ||
| 949 |
_a631.8 B3 _bBC _cLIBRO _d33724000831186 _eLIBRO _h21900 _i83679 _sb |
||
| 999 |
_c73149 _d73149 |
||